| 000 | 00394nam a22001457a 4500 | ||
|---|---|---|---|
| 003 | OSt | ||
| 005 | 20251021063601.0 | ||
| 008 | 251021b |||||||| |||| 00| 0 eng d | ||
| 020 | _a9789966773531 | ||
| 040 | _cVIDE MUWA PUBLISHERS LTD | ||
| 050 | _aPL 8704 .A74 2013 | ||
| 245 |
_aMSTAHIKI MEYA _cAREGE, M TIMOTHY |
||
| 260 |
_aNAIROBI, KENYA _bVIDE MUWA PUBLISHERS LTD _c2009 |
||
| 942 |
_2lcc _cBK _n0 |
||
| 999 |
_c9632 _d9632 |
||